Statistics for Miami Heat NBA Awards Winners

Click here to take the quiz!

General Stats

  • This quiz has been taken 630 times
    (475 since last reset)
  • The average score is 5 of 7

Answer Stats

Player% Correct
Dwyane Wade
100%
LeBron James
100%
Alonzo Mourning
89%
Tyler Herro
89%
Pat Riley
53%
Rony Seikaly
21%
Isaac Austin
6%

Score Distribution

Percentile by Number Answered

Percent of People with Each Score

Your Score History

You have not taken this quiz since the last reset